Responses for show #1353 - Wednesday, June 20, 1990

Eric Terzuolo game 4.

Contestants

Joan King, a renovator from Tampa, Florida

Diego Cordovez, a venture capitalist from Palo Alto, California

Eric Terzuolo, a foreign service officer from Washington, D.C. (whose 3-day cash winnings total $34,900)

[next game >>]

Jeopardy! Round responses

PRESIDENTIAL TRIVIA
POP MUSIC
ENGLISH LITERATURE
BUSINESS & INDUSTRY
TELEVISION
FAMILIAR PHRASES
    $100 1
John Kennedy

Diego
    $100 30
John Oates

Eric
    $100 7
John Bunyan

Diego
    $100 9
John Rockefeller

Diego
    $100 6
John Ritter

Eric
    $100 21
long johns

Diego
    $200 2
John Adams

Diego
    $200 14
(Joan: Who is... Cybill Shepherd?)

Olivia Newton-John

Joan
Triple Stumper
    $200 15
(John) Tolkien

Eric
    $200 10
Johnnie Walker

Eric
    $200 22
John Hillerman

Diego
    $200 26
Johnny on the spot

Triple Stumper
    $300 3
Lyndon Johnson

Diego
    $300 13
John Cougar (Mellencamp)

Diego
    $300 16
(Eric: Who is Shelley?)
(Joan: Who is Byron?)

John Keats

EricJoan
Triple Stumper
    $300 11
Jon Peters

Diego
    $300 23
(Alex: You have less than a minute to go, Diego.)

John Candy

Triple Stumper
    $300 27
John Bull

Diego
    $400 4
Andrew Johnson

Eric
    $400 12
John Denver

Eric
    $500 17
John Donne

Eric
    $400 19
John Deere

Triple Stumper
    $400 24
Dear John

Eric
    $400 28
John Doe

Eric
    $500 5
John Quincy Adams

Joan
    $500 8
(Alex: [*], "The Night Tripper", yes.)

Dr. John

Eric
    $500 18
(Eric: Who is Alexander Pope?)

John Locke

Eric
Triple Stumper
    $500 20
Upjohn

Triple Stumper
    $500 25
John Schneider

Joan
    $500 29
John Henry

Diego

Scores at the first commercial break (after clue 16):

Eric Diego Joan
$1,500 $1,400 $0

Scores at the end of the Jeopardy! Round:

Eric Diego Joan
$2,400 $2,500 $500

Double Jeopardy! Round responses

THE CIVIL WAR
FASHION
ORGANIZATIONS
EUROPEAN ARTISTS
U.S. CITIES
SCREENWRITERS
    $200 1
(Alex: [Before revealing the categories] Before we get into the Double Jeopardy! round I want to mention something that I'm sure our devoted fans would have noticed about the first round and that is the fact that all of the correct responses in the Jeopardy! round included a "John." There was a "John" featured in every correct response. I can assure you players that in this Double Jeopardy! round that will no longer be the case. That would have been asking too much of Steven Dorfman who prepared all the material in that one.)

Greece

Diego
    $200 22
Great Britain (England)

Eric
    $200 7
(Diego: What is Baton Rouge?)

Little Rock

EricDiego
    $200 2
Lillian Hellman

Diego
    $400 24
Lee

Diego
    $400 23
(Joan: Who are the Baker St. Irregulars?)

organizations for Sherlock Holmes aficionados

EricJoan
    $400 21
Van Gogh

Joan
    $400 8
Atlanta

Eric
    $400 3
(Joan: Who is Truman Capote?)

Neil Simon

DiegoJoan
    $600 12
(David) Farragut

Diego
    $600 16
B'nai B'rith

Eric
    $2,800 19
El Greco (Doménikos Theotokópoulos

Eric
    $600 9
Illinois

Diego
    $600 4
Atlantic City

Diego
    $800 11
(Diego: What is Chicago?)

New York City

Diego
Triple Stumper
    $800 26
lorgnettes

Triple Stumper
    $800 15
American Legion

Eric
    $800 17
(René) Magritte

Eric
    $2,600 10
Pittsburgh

Diego
    $800 5
Joan Didion

Diego
    $1000 13
Vermont

Triple Stumper
    $1000 25
Eugénie

Eric
    $1000 14
(Alex: National Education Association.)

teachers

Diego
    $1000 18
Albrecht Dürer

Eric
    $1000 20
Cincinnati

Triple Stumper
    $1000 6
Peter Fonda & Dennis Hopper

Eric

Scores at the end of the Double Jeopardy! Round:

Eric Diego Joan
$11,600 $8,900 $100

[wagering suggestions for these scores]

Final Jeopardy! Round responses

LANDMARKS
JoanWhat is Times Sq.
$90
DiegoWhat is?
$2,700
EricWhat is La Scala?
$6,201
La Scala

Final scores:

Eric Diego Joan
$17,801 $6,200 $10
4-day champion: $52,701 2nd place: trip to Malaysia & stay at Penang Mutiara Beach Resort 3rd place: Lucien Piccard his & hers watches & Nintendo Entertainment System with Family & Junior editions of Jeopardy! & Wheel of Fortune

Game dynamics:

Coryat scores:

Eric Diego Joan
$9,300 $7,100 $100
21 R
(including 2 DDs),
2 W
21 R
(including 1 DD),
2 W
3 R,
4 W

Combined Coryat: $16,500

The J! Archive is created by fans, for fans. Scraping, republication, monetization, and malicious use prohibited; this site may use cookies and collect identifying information. See terms. The Jeopardy! game show and all elements thereof, including but not limited to copyright and trademark thereto, are the property of Jeopardy Productions, Inc. and are protected under law. This website is not affiliated with, sponsored by, or operated by Jeopardy Productions, Inc. Join the discussion at JBoard.tv.